The OC Characters by Pictures - Statistics

General Stats
  • This quiz has been taken 162 times
  • The average score is 17 of 29
Answer Stats
Picture Answer % Correct
Marissa Cooper
99%
Seth Cohen
99%
Summer Roberts
99%
Ryan Atwood
98%
Sandy Cohen
94%
Julie Cooper
93%
Kirsten Cohen
88%
Luke
88%
Anna
84%
Jimmy Cooper
78%
Oliver
70%
Caleb Nichol
58%
Theresa
58%
Taylor
55%
Trey Atwood
52%
Alex
51%
Hailey Nichol
48%
Zach
48%
Kaitlin Cooper
42%
Lindsay
41%
Neil Roberts
38%
Kevin Volchok
37%
Johnny Harper
36%
D.J.
32%
Sadie
23%
Dennis 'Chili'
22%
Frank Atwood
22%
Che
19%
Matt Ramsey
19%
No matching quizzes found
Score Distribution
Percent of People with Each Score
Percentile by Number Answered
Your Score History
You have not taken this quiz